| 000 | 00000nam 2200000zi 4500 |
| 001 | 9.945268 |
| 003 | CaOODSP |
| 005 | 20241118110825 |
| 006 | m o d f |
| 007 | cr mn||||||||| |
| 008 | 241118s1971 onc o f100 0 fre d |
| 040 | |aCaOODSP|bfre|erda|cCaOODSP |
| 043 | |an-cn--- |
| 086 | 1 |aCo41-1/6AF-PDF|zCo41-1/6AF |
| 245 | 00|aRapport du séminaire sur "Les télécommunications et la participation" tenu à l'Université de Montréal du 3 au 5 avril 1970 / |csous les auspices du Ministère des Communications et du Centre audio-visuel de l'Université de Montréal. |
| 246 | 34|aTélécommunications et participation |
| 264 | 1|aOttawa : |bMinistère des communications, |c1971. |
| 300 | |a1 ressource en ligne (35 pages). |
| 336 | |atexte|btxt|2rdacontent/fre |
| 337 | |ainformatique|bc|2rdamedia/fre |
| 338 | |aressource en ligne|bcr|2rdacarrier/fre |
| 490 | 1 |aTélécommission étude ; |v6(a) |
| 500 | |aPublié aussi en anglais sous le titre : Report on the Seminar on Telecommunications and Participation at the University of Montreal, April 3 to 5, 1970. |
| 500 | |aÉdition numérisée de l'imprimé [par Innovation, sciences et développement économique Canada]. |
| 650 | 6|aParticipation politique|vCongrès. |
| 650 | 6|aParticipation sociale|vCongrès. |
| 650 | 6|aTelecommunications|vCongrès. |
| 710 | 1 |aMinistère des communications, |eorganisme de publication. |
| 775 | 08|tReport on the Seminar on Telecommunications and Participation at the University of Montreal, April 3 to 5, 1970 / |w(CaOODSP)9.945266 |
| 830 | #0|aTélécommission étude ;|v6(a).|w(CaOODSP)9.927948 |
| 856 | 40|qPDF|s934 Ko|uhttps://publications.gc.ca/collections/collection_2024/isde-ised/co41-1/Co41-1-6A-fra.pdf |